European Countries by First 3 Letters - 15 Seconds Sprint - Statistics

General Stats
  • This quiz has been taken 28 times
  • The average score is 13 of 45
Answers on the Map
Answers color-coded by a green-red scale on the quiz's map according to % correct below.
 
Answer Stats
Country % Correct
North Macedonia
76%
Norway
76%
Sweden
76%
United Kingdom
67%
Finland
62%
Russia
62%
Belarus
52%
Belgium
52%
Germany
48%
Ireland
48%
Poland
48%
France
43%
Spain
43%
Ukraine
43%
Iceland
38%
Latvia
38%
Denmark
33%
Estonia
33%
Italy
33%
Lithuania
33%
Netherlands
33%
Portugal
33%
Romania
24%
Slovakia
24%
Slovenia
24%
Albania
19%
Austria
19%
Greece
19%
Andorra
14%
Bulgaria
14%
Switzerland
14%
Bosnia and Herzegovina
10%
Czechia
10%
Luxembourg
10%
Monaco
10%
Montenegro
10%
San Marino
10%
Vatican City
10%
Croatia
5%
Hungary
5%
Liechtenstein
5%
Moldova
5%
Kosovo
0%
Malta
0%
Serbia
0%
No matching quizzes found
Score Distribution
Percent of People with Each Score
Percentile by Number Answered
Your Score History
You have not taken this quiz